[Event "Aimchess US Rapid Prelims 2021"]
[Site "Chess24"]
[Date "2021.08.25"]
[Round "3.1"]
[White "Mamedyarov, Shakhriyar"]
[Black "Duda, Jan-Krzysztof"]
[Result "1/2-1/2"]
[WhiteElo "2782"]
[BlackElo "2738"]
[Annotator "TA"]
[PlyCount "161"]
[EventDate "2021.08.28"]
[EventType "tourn"]
[EventCountry "NET"]
[Tiebreak "Direct encounter+Number of wins+Koya"]
[SourceTitle "playchess.com"]
[Source "ChessBase"]
[SourceQuality "1"]

{[%evp 13,161,22,27,14,22,7,36,36,38,37,35,1,33,14,11,-69,0,0,0,0,0,-56,-41,
-45,11,0,95,95,104,81,138,145,145,66,46,29,1345,612,663,595,29994,230,220,0,0,
-82,-82,-82,-43,-142,-142,-138,-119,-119,-142,-151,-151,-150,-135,-122,-95,
-135,-113,-113,-82,-132,-120,-135,0,-82,-82,-82,-82,-82,-82,-82,-82,-82,-82,
-89,-82,-82,-82,-86,-86,-88,-82,-82,-82,-83,-83,-103,-60,-196,-186,-256,-254,
-260,-249,-302,-304,-314,-318,-313,-272,-323,-318,-344,-344,-344,-344,-418,
-344,-470,-470,-457,-447,-438,-385,-366,-344,-344,-344,-344,-340,-412,-383,
-510,-486,-484,-455,-829,-764,-518,0,-377,-343,-337,-331,-302,-263,-263,-263,
-343,-241,-449,-443,-425,-417,-368]} 1. d4 d5 2. c4 e6 3. Nc3 Nf6 4. cxd5 exd5
5. Bg5 c6 6. e3 Be7 7. Bd3 Nbd7 8. h3 {8.Nge2 is becoming the main line. D35:
Queen's Gambit Declined: Exchange Variation.} O-O 9. Qc2 h6 10. Bf4 {White is
slightly better.} c5 11. Nf3 a6 12. g4 {[#]} cxd4 $146 ({Predecessor:} 12... c4
13. Bf5 Re8 14. O-O-O b5 15. Ne5 b4 16. Ne2 Qa5 17. Kb1 Nxe5 18. dxe5 Bxf5 19.
gxf5 {1-0 (29) Iljushina,O (2255)-Fedorova,T (1955) Saratov 2008}) 13. exd4 b5
14. g5 (14. O-O $11) 14... Nh5 (14... hxg5 $15 15. Bxg5 Bb7) 15. Be3 $1 $11 (
15. Nxd5 Nxf4 16. Nxf4 Bb7 $17) 15... hxg5 16. Rg1 $1 Nf4 17. h4 (17. Bxf4 $11
gxf4 18. O-O-O (18. Nxd5 Bb7 $15) (18. Bh7+ Kh8 $15)) 17... Nxd3+ $15 18. Qxd3
{[%cal Rh4g5]} b4 (18... Re8 $15 19. hxg5 g6) 19. Nxd5 $11 {Qe4 is the strong
threat.} Bb7 (19... Re8 $1 $11 {keeps the balance.}) 20. Nxg5 $40 {[%mdl 128]
Black is in trouble.} Bxg5 21. Rxg5 Rc8 (21... Re8 $142) 22. Kd2 (22. Nxb4 $6
Nf6 $11) (22. Rh5 $6 g6 $11) 22... Ne5 23. Rxe5 (23. dxe5 $16 Qxd5 24. Rag1)
23... Bxd5 $14 24. Rg1 {aiming for Bh6!} ({But not} 24. Qxa6 f6 $15) 24... Rc7
$2 {[%mdl 8192] [#]} (24... f5 $11) 25. Qf5 (25. Rh5 f5 $18) (25. Rxg7+ $142 $3
{[%mdl 512]} Kxg7 26. Bh6+ $1 {[%mdl 576] Skewer} Kh8 27. Bg7+ (27. Bxf8 Qxh4
28. Qe3 Qh1 $18) 27... Kg8 28. Qg3) 25... Be6 26. Qf4 {Intending Rxg7+! and
mate.} b3 {[#]} 27. Qh6 (27. Rxg7+ $3 {[%mdl 512] mates} Kxg7 28. Qg3+ Bg4 29.
Qxg4+ Qg5 30. Qxg5+ Kh7 31. Qh6+ {[%mdl 64] Double Attack} Kg8 32. Rg5#) 27...
f6 $18 28. Rxe6 $2 (28. Rh5 $1 $18 {Threatens to win with Qh7+.} Rd7 29. Qh7+
Kf7 30. Rxg7+ Ke8 31. axb3) 28... bxa2 $11 29. Rxa6 (29. Qf4 $1 $11 {remains
equal.} Qb8 30. b3) 29... Qb8 $17 30. Rxa2 Qb3 31. Ke2 Qxa2 32. Qf4 Qxb2+ 33.
Kf3 Qb7+ 34. Qe4 Qxe4+ 35. Kxe4 {[%mdl 4096] Endgame KRR-KRB} Re8+ 36. Kf3 Kf7
37. Rb1 Rd7 38. Rb5 Red8 39. Ke4 Ke6 40. Rb6+ {[#]} Kf7 (40... Rd6 $142 $1 {
[%cal Rd6b6]} 41. d5+ Kf7) 41. Rb5 Rh8 42. h5 Re8+ 43. Kf3 Red8 44. Ke4 Ra8 45.
Rc5 Ra1 46. Rb5 Rh1 47. Kf3 Ke6 48. Kg2 Ra1 49. Rb6+ Kf5 50. Kf3 Ra5 51. Rb8
Ke6 52. Rh8 Rad5 53. h6 {[#]} ({White should try} 53. Kf4 $15) 53... g6 $1 $19
54. h7 (54. Rc8 {might work better.}) 54... Kf5 55. Ke2 Rf7 56. Kd3 Rdd7 57.
Ra8 Rxh7 58. Ra5+ Ke6 59. Ke4 Rh4+ 60. Kf3 Rd5 61. Ra6+ Kf5 62. Kg3 g5 63. Ra8
Rg4+ 64. Kf3 Rg1 65. Ke2 Rh1 66. Kd3 Rh7 67. Ra6 Rhd7 68. Ke2 R7d6 69. Ra1 Ke4
70. Rg1 Ra6 71. Rg4+ Kf5 72. Kf3 (72. Rg3 $142) 72... Ra3 73. Re4 Ra6 $2 ({
Better is} 73... Rd7 $19 {White must now prevent ...Rb3.} 74. Rg4 Rb3) 74. Re8
$2 {[%mdl 8192]} (74. Rg4 $1 $11 Ra3 75. Re4) 74... Re6 75. Rg8 Re7 76. Ra8 Kg6
77. Ra6 Red7 78. Ra8 R5d6 79. Rg8+ $2 (79. Ke2) 79... Rg7 80. Ra8 f5 81. Rc8 {
Both players deserved the win here.  Weighted Error Value: White=0.48/Black=0.
24} 1/2-1/2

[Event "Aimchess US Rapid Prelims 2021"]
[Site "Chess24"]
[Date "2021.08.25"]
[Round "3.2"]
[White "Artemiev, Vladislav"]
[Black "Dominguez Perez, Leinier"]
[Result "1/2-1/2"]
[WhiteElo "2704"]
[BlackElo "2758"]
[Annotator "TA"]
[PlyCount "89"]
[EventDate "2021.08.28"]
[EventType "tourn"]
[EventCountry "NET"]
[Tiebreak "Direct encounter+Number of wins+Koya"]
[SourceTitle "playchess.com"]
[Source "ChessBase"]
[SourceQuality "1"]

{[%evp 12,89,34,4,10,0,0,-7,0,0,0,0,13,-25,-18,-13,-18,-14,-16,-20,-21,-30,-10,
-9,-14,-14,0,0,0,0,0,-6,-6,-6,0,-14,0,-3,-2,-11,-5,0,0,-25,0,0,0,0,0,0,0,0,0,0,
0,0,0,0,0,0,0,0,0,0,0,0,0,0,0,0,0,0,0,0,0,0,0,0,0,0]} 1. Nf3 Nf6 2. g3 c5 3.
Bg2 Nc6 4. c4 d5 5. cxd5 Nxd5 6. Nc3 g6 7. Qb3 e6 {A34: Symmetrical English: 2
Nc3, lines with ...d5.} 8. O-O Bg7 9. Qb5 Qb6 {[#] White must now prevent ...
Nxc3.} 10. Qc4 Qb4 11. Qxb4 Ndxb4 {[#]} 12. Ne4 $146 ({Predecessor:} 12. d3 O-O
13. Bf4 e5 14. Bd2 Bd7 15. Rfc1 b6 16. Rab1 a5 17. Ne1 Rab8 18. a3 {1-0 (24)
Ghaem Maghami,E (2603)-Seifert,V (2294) Dresden 2005}) 12... b6 13. Nd6+ Ke7
14. Nxc8+ Raxc8 15. d3 Rhd8 (15... Nc2 $5 16. Rb1 $8 N6d4 17. Nxd4 Nxd4 $11)
16. Bg5+ Bf6 17. Bxf6+ Kxf6 18. Rfc1 Nd4 (18... Nd5 {seems wilder.} 19. a3 g5
20. Nd2 h5 21. Kf1 g4) 19. Nxd4 cxd4 20. a3 Nd5 21. Kf1 Ke5 22. Ke1 Kd6 23. Kd2
Rc5 (23... f5 {is interesting.} 24. e3 dxe3+ 25. fxe3 Ne7 26. Bb7 Rxc1 27. Rxc1
g5) 24. Rc4 Rdc8 25. b3 e5 26. Bxd5 Kxd5 $11 {[%mdl 4096] Endgame KRR-KRR} 27.
a4 a6 28. e3 {The position is equal.} dxe3+ 29. fxe3 f5 30. e4+ fxe4 31. dxe4+
Ke6 32. Rxc5 Rxc5 {KR-KR} 33. Rf1 Rc8 34. Rf3 Rd8+ 35. Rd3 Rxd3+ 36. Kxd3 {
KP-KP} Kd6 37. Kc4 Kc6 38. b4 b5+ 39. axb5+ axb5+ 40. Kd3 Kd6 41. Ke3 Ke6 42.
Kf3 Kf6 43. Kg4 h6 44. h4 h5+ 45. Kf3 {Not much happened in this game. 
Weighted Error Value: White=0.05/Black=0.03} 1/2-1/2

[Event "Aimchess US Rapid Prelims 2021"]
[Site "Chess24"]
[Date "2021.08.25"]
[Round "3.3"]
[White "Giri, Anish"]
[Black "Vachier-Lagrave, Maxime"]
[Result "1/2-1/2"]
[WhiteElo "2776"]
[BlackElo "2751"]
[Annotator "TA"]
[PlyCount "61"]
[EventDate "2021.08.28"]
[EventType "tourn"]
[EventCountry "NET"]
[Tiebreak "Direct encounter+Number of wins+Koya"]
[SourceTitle "playchess.com"]
[Source "ChessBase"]
[SourceQuality "1"]

{[%evp 12,61,0,0,0,0,43,0,14,0,0,0,9,0,26,20,27,26,35,36,20,0,18,12,14,20,20,
20,11,10,12,0,0,0,0,0,0,4,22,0,20,20,20,7,10,10,10,0,0,0,8,0]} 1. Nf3 c5 2. c4
Nf6 3. Nc3 d5 4. cxd5 Nxd5 5. e4 Nb4 6. Bc4 Nd3+ 7. Ke2 Nf4+ {A34: Symmetrical
English: 2 Nc3, lines with ...d5.} 8. Kf1 {Hoping for d4.} Ne6 9. h4 {seems to
push 9.b4 aside.} (9. b4 $5) 9... Nd4 10. Nb5 Be6 11. d3 {[#] next Nfxd4 is
good for White.} Bxc4 $146 ({Predecessor:} 11... Nbc6 12. Nbxd4 Bxc4 13. dxc4
cxd4 14. Bf4 e6 15. Rh3 Bc5 16. a3 a5 17. e5 O-O {0-1 (35) Dominguez Perez,L 
(2739)-Vachier Lagrave,M (2779) Saint Louis 2018}) 12. dxc4 {[%cal Rf3d4]} Nxf3
{[%cal Rd8d1] [#]} (12... Nbc6 {seems wilder.} 13. Nbxd4 cxd4 14. Bf4 e6 15. h5
Be7) 13. Qxd8+ Kxd8 14. gxf3 a6 15. Nc3 e6 16. h5 {The position is equal.} Bd6
17. Be3 Kc7 18. f4 Nc6 19. e5 Be7 20. Ne4 b6 21. Ke2 Rad8 22. Rad1 Rxd1 23.
Rxd1 Rd8 24. Rg1 g6 25. Rh1 Kd7 26. hxg6 hxg6 27. Rh7 Ke8 28. Rh8+ Kd7 29. Rh7
Ke8 30. Rh8+ Kd7 31. Rh7 {Weighted Error Value: White=0.06/Black=0.05} 1/2-1/2

[Event "Aimchess US Rapid Prelims 2021"]
[Site "Chess24"]
[Date "2021.08.25"]
[Round "3.4"]
[White "Liang, Awonder"]
[Black "Hansen, Eric"]
[Result "0-1"]
[WhiteElo "2587"]
[BlackElo "2606"]
[Annotator "TA"]
[PlyCount "90"]
[EventDate "2021.08.28"]
[EventType "tourn"]
[EventCountry "NET"]
[Tiebreak "Direct encounter+Number of wins+Koya"]
[SourceTitle "playchess.com"]
[Source "ChessBase"]
[SourceQuality "1"]

{[%evp 10,90,12,-24,31,12,19,16,12,25,34,33,34,31,39,35,35,23,52,48,53,8,30,0,
0,-39,-51,-189,-194,-193,-183,-225,-214,-350,-252,-228,-243,-250,-225,-230,
-237,-234,-224,-216,-196,-253,-188,-288,-281,-341,-264,-341,-312,-338,-330,
-367,-357,-429,-409,-496,-514,-523,-513,-674,-672,-664,-662,-637,-620,-724,
-727,-1023,-851,-1295,-1081,-29987,-29988,-7720,-5095,-29993,-29994,-29994,
-29995]} 1. d4 Nf6 2. c4 e6 3. Nc3 Bb4 4. Qc2 O-O 5. e4 d6 6. e5 Nfd7 {E32:
Nimzo-Indian: Classical (4 Qc2): 4...0-0.} ({Black should try} 6... dxe5 $11 7.
dxe5 Ng4) 7. exd6 $14 cxd6 8. Nf3 Nf6 {The position is equal.} 9. Bd3 {[#]} d5
$146 ({Predecessor:} 9... e5 10. O-O Bxc3 11. bxc3 exd4 12. cxd4 Bg4 13. Ng5 h6
14. h3 Bd7 15. Nf3 Nc6 16. Rb1 b6 {1-0 (76) Batsiashvili,N (2466)-Jakubowski,K
(2557) Benasque 2016}) 10. cxd5 exd5 11. O-O h6 12. Ne5 Be6 13. Qb3 Qb6 14. Na4
Qa5 (14... Qxd4 $2 15. Nf3 $18) 15. a3 Bd6 16. Bf4 ({Much weaker is} 16. Qxb7
Qxa4 17. b4 (17. Qxa8 $2 Qxd4 18. Nf3 Qxd3 $19) 17... Nbd7 $11) 16... Nh5 $1 {
[%cal Rh5f4]} 17. Be3 Bxe5 18. Nc5 {[#] Loses the game.} ({Much worse is} 18.
dxe5 d4 $17) (18. Qd1 $1 $15 Bxh2+ 19. Kxh2) 18... Bd6 $1 $19 19. Qxb7 {[#]}
Qc7 $1 {[%mdl 512]} 20. Qxa8 {Strongly threatening Rac1.} (20. Qxc7 Bxc7) 20...
Bxc5 21. Rfc1 {[#]} (21. Bb5 {is a better defense.} Bd6 22. Rac1) 21... Nd7 $1
22. Qxf8+ Kxf8 23. b4 {[#]} Nf4 $1 24. Bf1 {[#]} Bf5 $1 25. bxc5 (25. dxc5 Ne6)
25... g5 26. Ra2 Qa5 27. h4 (27. a4 {was called for.}) 27... Qa4 28. g3 (28.
hxg5 $142 hxg5 29. c6) 28... Ne6 29. Bg2 Qb3 30. Rd2 Nb8 ({Don't play} 30...
Qxa3 31. Rdd1) 31. c6 {White wants to play c7.} Na6 32. Bf3 Nac7 33. g4 Bg6 34.
Kg2 Kg7 35. Rdd1 a5 36. Ra1 Be4 37. Bxe4 dxe4 38. Rab1 Qd5 39. Rdc1 gxh4 40.
Kh3 Qd6 41. Rb7 Ng5+ 42. Kg2 h3+ 43. Kf1 Nf3 44. Ra7 Qxa3 {[%cal Ra3d3]} 45.
Rd1 {[#]} Qa4 $1 {[%cal Ra4d1] Weighted Error Value: White=0.74/Black=0.15} 0-1

[Event "Aimchess US Rapid Prelims 2021"]
[Site "Chess24"]
[Date "2021.08.25"]
[Round "3.5"]
[White "Aronian, Levon"]
[Black "Naroditsky, Daniel"]
[Result "1/2-1/2"]
[WhiteElo "2782"]
[BlackElo "2623"]
[Annotator "TA"]
[PlyCount "48"]
[EventDate "2021.08.28"]
[EventType "tourn"]
[EventCountry "NET"]
[Tiebreak "Direct encounter+Number of wins+Koya"]
[SourceTitle "playchess.com"]
[Source "ChessBase"]
[SourceQuality "1"]

{[%evp 12,48,40,31,48,27,31,31,44,18,25,17,9,-8,0,-19,4,-33,0,0,0,-13,-14,-455,
-462,-444,-418,-510,-480,-511,0,0,0,0,0,0,0,0,0]} 1. d4 Nf6 2. c4 g6 3. Nc3 Bg7
4. e4 d6 5. Be2 O-O 6. Be3 Nc6 {[%cal Bb8c6,Bc6e5,Be5g4][%mdl 32] Recently 6...
Na6 got a lot of attention.} 7. d5 Ne5 {E73: King's Indian: Averbakh Variation
without 6...c5.} 8. f4 Neg4 9. Bd2 Nh6 $1 {White is slightly better.} 10. h3 {
Threatening g4.} e6 11. g4 exd5 12. exd5 Re8 13. Kf1 {[#]} c6 $146 ({
Predecessor:} 13... Nd7 14. Qc2 Nc5 15. Re1 Qh4 16. Bf3 Bd7 17. Rxe8+ Rxe8 18.
Nge2 Nf5 19. gxf5 Bxf5 {0-1 (25) Krush,I (2424)-Panjwani,R (2450) New York 2019
}) 14. Nf3 (14. g5 {seems wilder.} Nf5 15. gxf6 Qxf6 16. Rh2 Bd7 17. Qe1) 14...
Nfxg4 (14... cxd5 {keeps more tension.} 15. cxd5 Nhxg4 16. hxg4 Bxg4 17. Kg2
Rc8) 15. hxg4 Bxg4 16. Ng5 (16. Bd3 {with more complications.} Nf5 17. Bxf5
Bxf5 18. Qb3 Bg4 19. Kg2) 16... Bxc3 17. Bxc3 $4 {[%mdl 8192]} (17. Bxg4 $11 {
and White is okay.} Bxd2 18. Nxf7 (18. Qxd2 Nxg4 19. Rxh7 Qb6 $15) (18. Rxh6 $2
Bxf4 19. Nxf7 Qf6 $19 {[%mdl 64] Double Attack}) 18... Nxf7 19. Qxd2) 17...
Bxe2+ $19 18. Qxe2 Rxe2 19. Rxh6 Rc2 20. Rxh7 {[%csl Gc3][%cal Rh7h8] [#]} f6
$2 (20... Rxc3 $1 $19 21. bxc3 (21. Rh8+ Kxh8) 21... Qf6 {[%mdl 64] Double
Attack} 22. Rxf7 Qxc3 {[%mdl 64] Double Attack}) 21. Rh6 $1 $11 {[%cal Rh6g6]
The position is equal.} Kg7 {Threatens to win with ...Qb6.} 22. Rh7+ $1 Kg8 23.
Rh6 $1 {[%cal Rh6g6]} Kg7 {...Qb6 is the strong threat.} 24. Rh7+ $1 Kg8 {
Weighted Error Value: White=0.34/Black=0.32} 1/2-1/2

[Event "Aimchess US Rapid Prelims 2021"]
[Site "Chess24"]
[Date "2021.08.25"]
[Round "3.6"]
[White "Van Foreest, Jorden"]
[Black "Firouzja, Alireza"]
[Result "1/2-1/2"]
[WhiteElo "2698"]
[BlackElo "2759"]
[Annotator "TA"]
[PlyCount "100"]
[EventDate "2021.08.28"]
[EventType "tourn"]
[EventCountry "NET"]
[Tiebreak "Direct encounter+Number of wins+Koya"]
[SourceTitle "playchess.com"]
[Source "ChessBase"]
[SourceQuality "1"]

{[%evp 13,100,20,22,10,4,16,7,0,0,0,0,-11,-8,-6,0,-9,11,19,5,-7,0,-8,-9,-3,-6,
-13,-4,-8,-2,-12,-18,-12,0,0,0,0,0,0,0,0,6,4,7,9,0,2,8,2,6,6,4,0,0,0,0,0,0,0,0,
0,0,0,0,0,0,0,0,0,0,0,0,0,0,0,0,0,0,0,0,0,0,0,0,0,0,0,0,0,0]} 1. e4 e5 2. Nf3
Nc6 3. Bb5 a6 4. Ba4 Nf6 5. O-O b5 6. Bb3 Bb7 7. d3 Bc5 {The position is equal.
} 8. Be3 {C78: Ruy Lopez: Archangelsk and Möller Defences.} Bxe3 {is the
legacy move (8...d6).} 9. fxe3 O-O 10. Qe1 d6 11. a4 Ne7 {[#]} 12. axb5 $146 ({
Predecessor:} 12. Qg3 Ng6 13. Ng5 c6 14. Nd2 d5 15. Ndf3 Qe7 16. exd5 cxd5 17.
Nh4 Nxh4 18. Qxh4 {1/2-1/2 (51) Neagu,L (2556)-Persson,C (2568) ICCF email 2012
}) 12... axb5 13. Rxa8 Bxa8 14. Nc3 Qd7 15. Qg3 Ng6 16. Ng5 b4 17. Nb1 d5 {
[%cal Rd5e4]} 18. Nd2 h6 19. Ngf3 Nh5 20. Qe1 dxe4 21. Nxe4 Bxe4 22. dxe4 c5
23. Qe2 {[#] Hoping for Nh4!} Nf6 24. Qc4 Qc6 25. Ne1 Qxe4 26. Qxc5 Ng4 27. Nf3
Qxe3+ ({Don't blunder} 27... Nxe3 $2 28. Re1 $18) 28. Qxe3 Nxe3 29. Re1 Nf5 30.
Nxe5 Nxe5 31. Rxe5 $11 {[%mdl 4096] Endgame KRB-KRN} Nd4 32. Bc4 Nxc2 33. Re7
Nd4 34. Rb7 Nc6 35. Bd5 Ne5 36. Rxb4 Rd8 37. Rb5 g5 38. h3 Kg7 39. Be4 Nc4 40.
b3 Rd1+ (40... Nd6 {looks sharper.} 41. Rd5 Kf6 42. Bf3 Ke6 43. Kf2 f5) 41. Kf2
Nd6 42. Rb4 Nxe4+ (42... Rd2+ {is more complex.} 43. Kf3 f5 44. Ba8 Ra2 45. Ra4
Rc2) 43. Rxe4 {KR-KR} Rb1 44. b4 Rb2+ 45. Kf3 Rb3+ 46. Ke2 f5 47. Rc4 f4 48.
Kf2 Kg6 49. Rc6+ Kf5 50. Rxh6 Rxb4 {A rather calm draw.  Weighted Error Value:
White=0.02/Black=0.01} 1/2-1/2

[Event "Aimchess US Rapid Prelims 2021"]
[Site "Chess24"]
[Date "2021.08.25"]
[Round "3.7"]
[White "Carlsen, Magnus"]
[Black "Le, Quang Liem"]
[Result "1-0"]
[WhiteElo "2847"]
[BlackElo "2709"]
[Annotator "TA"]
[PlyCount "85"]
[EventDate "2021.08.28"]
[EventType "tourn"]
[EventCountry "NET"]
[Tiebreak "Direct encounter+Number of wins+Koya"]
[SourceTitle "playchess.com"]
[Source "ChessBase"]
[SourceQuality "1"]

{[%evp 17,85,7,42,-2,33,21,45,26,29,29,26,20,56,48,83,33,110,111,99,118,109,90,
110,106,120,66,71,52,117,134,170,176,229,228,293,286,324,273,447,436,447,447,
447,416,441,445,439,436,500,479,420,395,585,422,517,509,489,469,476,475,483,
484,1986,1780,12796,11902,5514,5497,29977,29978]} 1. e4 e5 2. Nf3 Nc6 3. Bb5 a6
4. Ba4 Nf6 5. O-O Be7 6. Re1 b5 7. Bb3 d6 8. c3 O-O 9. a3 h6 10. d4 {C90:
Closed Ruy Lopez with 7...d6: Early deviations.} Re8 11. Nbd2 Bf8 12. Bc2 {
White is slightly better.} Bg4 13. h3 Bh5 14. d5 {[#]} Nb8 $146 ({Predecessor:
} 14... Ne7 15. Nf1 c6 16. dxc6 Qc7 17. Ng3 Bg6 18. Nh4 Qxc6 19. Qf3 d5 20.
exd5 Qxd5 21. Nxg6 Nxg6 {1-0 (31) Suetin,A-Nielsen,J Copenhagen 1965}) 15. a4 {
And now axb5 would win.} Nbd7 16. Qe2 Rb8 (16... Bg6 $14) 17. Nb3 $16 c6 18.
dxc6 {Black must now prevent axb5.} Nc5 19. axb5 axb5 20. Nxc5 dxc5 21. g4 (21.
c4 $16 Bxf3 22. Qxf3 (22. gxf3 bxc4 23. Qxc4 Rb4 $16)) 21... Bg6 $14 22. c4
bxc4 {White stays focused until the end.} ({Black should try} 22... b4 $1 $14)
23. Bd2 $36 {[%mdl 2048] Keeping Black busy.} ({Don't take} 23. Qxc4 Rb4 $11)
23... Qc8 24. Bc3 Bd6 (24... Nxg4 $142 25. Qf1 (25. hxg4 Qxg4+ 26. Kh2 Qf4+ 27.
Kg2 Qg4+ 28. Kh2 Qf4+ 29. Kg2 Qg4+ 30. Kh2 $11) (25. Qxc4 Nf6 $16) 25... Bh5)
25. Nh4 $18 Kh7 26. Qxc4 Re7 27. Red1 Qxc6 $2 (27... Bc7 28. Nxg6 fxg6) 28.
Nxg6 fxg6 29. Ra6 Rb6 {[#]} 30. Ba4 $1 {[%mdl 512]} Rxa6 31. Bxc6 Rxc6 32. b4 {
[%cal Bb2b4,Bb4b5][%mdl 32]} Rb7 33. b5 Rcb6 34. Kg2 Bb8 (34... Be7 $142 35.
Rb1 Ne8 36. Bxe5 Nd6 37. Bxd6 Bxd6) 35. Rb1 Ne8 36. Qxc5 Nd6 37. Qxe5 Nxb5 38.
Qc5 Bd6 39. Qe3 g5 (39... Be7 $142 40. Bd2 Rc6) 40. e5 Nxc3 41. Rxb6 Rxb6 42.
Qd3+ {[%mdl 64] [#] Double Attack} Kh8 43. exd6 {Weighted Error Value: White=0.
16/Black=0.61} 1-0

[Event "Aimchess US Rapid Prelims 2021"]
[Site "Chess24"]
[Date "2021.08.25"]
[Round "3.8"]
[White "So, Wesley"]
[Black "Vidit, Santosh Gujrathi"]
[Result "1-0"]
[WhiteElo "2772"]
[BlackElo "2726"]
[Annotator "TA"]
[PlyCount "59"]
[EventDate "2021.08.28"]
[EventType "tourn"]
[EventCountry "NET"]
[Tiebreak "Direct encounter+Number of wins+Koya"]
[SourceTitle "playchess.com"]
[Source "ChessBase"]
[SourceQuality "1"]

{[%evp 25,59,14,14,14,25,24,19,20,10,16,15,18,27,13,13,14,18,19,24,29,59,30,39,
16,86,89,78,81,129,66,83,81,133,143,2710,2319]} 1. e4 e5 2. Nf3 Nf6 3. Nxe5 d6
4. Nf3 Nxe4 5. d4 d5 6. Bd3 Bd6 7. O-O O-O 8. c4 c6 9. cxd5 cxd5 10. Nc3 Nxc3
11. bxc3 Nd7 12. Re1 Re8 13. Rxe8+ Qxe8 14. Qb3 {C42: Petroff Defence: 3 Nxe5
and unusual White 3rd moves.} Nb6 15. Ba3 Bxa3 16. Qxa3 {The position is equal.
} Bg4 17. Ne5 Be6 18. Re1 {[#]} Qf8 $146 ({Predecessor:} 18... Qc8 19. g3 Nd7
20. Qb4 Nxe5 21. Rxe5 g6 22. h4 Kg7 23. h5 Qc7 24. c4 {1-0 (24) Adams,M (2271)
-Torres,C (2388) ICCF email 2016}) 19. Qb3 Re8 20. a4 {[%cal Ba2a4,Ba4a5][%mdl
32]} f6 21. Nf3 Qf7 22. a5 Nc4 23. Bxc4 (23. Qb1 $5 {[%cal Rd3h7]} g6 24. Bxc4
dxc4 25. Qb4 $14) 23... dxc4 24. Qb5 Rc8 (24... a6 $1 $11 {keeps the balance.}
25. Qa4 Bd7 26. Rxe8+ Bxe8) 25. Nd2 $16 Bd5 26. Nf1 Bc6 27. Qf5 ({White should
play} 27. Qb4 $16) 27... Bd7 28. Qf4 Qd5 {[#]} ({Black should try} 28... Bc6)
29. Re7 $1 Be8 $2 {[%mdl 8192]} (29... Re8 $16 30. Rxe8+ Bxe8) 30. Qg4 {
[%csl Ge7][%cal Rg4g7][%mdl 64] Double Attack.  Weighted Error Value: White=0.
06/Black=0.21} 1-0

[Event "Aimchess US Rapid Prelims 2021"]
[Site "Chess24"]
[Date "2021.08.25"]
[Round "4.1"]
[White "Duda, Jan-Krzysztof"]
[Black "Vidit, Santosh Gujrathi"]
[Result "1/2-1/2"]
[WhiteElo "2738"]
[BlackElo "2726"]
[Annotator "TA"]
[PlyCount "105"]
[EventDate "2021.08.28"]
[EventType "tourn"]
[EventCountry "NET"]
[Tiebreak "Direct encounter+Number of wins+Koya"]
[SourceTitle "playchess.com"]
[Source "ChessBase"]
[SourceQuality "1"]

{[%evp 12,105,-16,-31,-21,-12,0,-35,-27,-58,-17,-51,-53,-54,-48,-52,-39,-40,
-22,-31,-26,-36,-38,-38,-48,-49,-37,-49,-13,-60,-5,-30,0,0,106,72,67,86,70,0,0,
-27,-32,-41,-8,-8,0,0,0,0,0,0,0,0,0,0,0,0,0,0,0,0,0,0,0,0,0,0,0,0,0,0,0,0,0,0,
0,0,0,0,0,0,0,0,0,0,0,0,0,0,0,0,0,0,0,0]} 1. Nf3 Nf6 2. g3 c5 3. Bg2 Nc6 4. O-O
e5 5. d3 d5 6. e4 d4 7. a4 Be7 {A08: King's Indian Attack.} 8. Na3 Bg4 9. Qe1
Nd7 {Black is slightly better.} 10. Kh1 {[#]} h5 $146 ({Predecessor:} 10... O-O
11. Ng1 a6 12. Bd2 b6 13. f4 f6 14. f5 Bh5 15. g4 Bf7 16. Rf3 Rb8 {1-0 (34)
Kozul,Z (2595)-Arlandi,E (2423) Ohrid 2001}) 11. h3 Be6 12. Nd2 g5 13. f4 gxf4
14. gxf4 exf4 15. Ndc4 f3 16. Rxf3 Nde5 17. Nxe5 Nxe5 18. Rf5 {[%cal Rf5e5]}
Ng6 19. Qg3 Bd6 20. e5 {[#]} h4 $1 21. Qf2 $11 Nxe5 22. Nb5 {Strongly
threatening Bg5.} Rg8 {[#]} ({Don't go for} 22... Bxf5 $2 23. Qxf5 f6 24. Bf4
$18) (22... Bb8 $11) 23. Bg5 $1 {[%mdl 512]} Rxg5 24. Nxd6+ Kf8 {aiming for ...
Rxg2.} 25. Qxh4 (25. Rxg5 $14 Qxg5 26. Nxb7 (26. Bxb7 Rb8 $11)) 25... Rxg2 26.
Qxd8+ (26. Qh6+ {is interesting.} Ke7 27. Qf6+ Kd7 28. Qxe5 Qh4 29. Rh5) 26...
Rxd8 27. Kxg2 Bxf5 (27... Nc6 {is more complex.} 28. Nxb7 Bxf5 29. Nxd8 Nxd8
30. Rf1 Bd7) 28. Nxf5 $14 {[%mdl 4096] Endgame KRN-KRN. The position is equal.}
c4 29. Ra3 Rd5 30. Kg3 cxd3 31. cxd3 Nxd3 32. Rxd3 Rxf5 33. Rxd4 $11 {KR-KR} b5
34. b3 bxa4 35. bxa4 Rc5 36. h4 Kg7 37. Kg4 Kg6 38. Rd6+ f6 39. Ra6 Rc4+ 40.
Kg3 Rc3+ 41. Kf2 Rc7 42. Ke3 Rh7 43. Ra5 Rxh4 44. Rxa7 Kf5 45. a5 Ra4 46. a6
Ke5 47. Ra8 Kd6 48. a7 {Threatens to win with Rd8+.} Kc7 49. Rf8 Rxa7 50. Rf7+
Kb6 51. Rxa7 Kxa7 52. Kf4 f5 53. Kxf5 {Weighted Error Value: White=0.08/
Black=0.11} 1/2-1/2